000 00643nam a22002417a 4500
001 BD-DhSAU 618
003 BD-DhSAU
005 20150105201504.0
008 150105b xxu||||| |||| 00| 0 eng d
020 _a0716715058
040 _cBD-DhSAU
082 _222
_a581.2
_bROF
100 _aRoberts,Daniel A.
245 _aFundamentals of plant pathology /
250 _a2nd ed.
260 _aDelhi :
_bCBS publishers & distributors ;
_cc1972.
300 _axvi, 432 p.:
_bill. ,
_c21 cm.
504 _aIncludes bibliography and index
590 _aIMRAN
650 _aPlant pathology
650 _apathology
700 _aBoothroyd, Carlw.
942 _2ddc
_cBOOK
999 _c618
_d618